Turkish things - Statistics

General Stats
  • This quiz has been taken 264 times
  • The average score is 8 of 12
Answer Stats
Picture Answer % Correct
Baklava
91%
Kebab
86%
Turkish delight
83%
Fez
81%
Nazar
78%
Galatasaray
76%
Lahmacun
70%
Nargile
65%
Pamukkale
65%
Bosphorus
55%
Blue mosque
51%
Turkish Van
35%
No matching quizzes found
Score Distribution
Percent of People with Each Score
Percentile by Number Answered
Your Score History
You have not taken this quiz